Formel-1 Fahrer 2019 - Statistiken

Allgemein
  • Dieses Quiz wurde 1.391 mal gespielt
  • Das Durchschnittsergebnis liegt bei 17 aus 20
Antwortstatistiken
Teams Fahrer % Korrekt
Mercedes Lewis Hamilton
100%
Ferrari Sebastian Vettel
99%
Red Bull Max Verstappen
98%
Mercedes Valtteri Bottas
97%
Ferrari Charles Leclerc
96%
Racing Point Sergio Perez
92%
Mclaren Lando Norris
89%
Red Bull Pierre Gasly
89%
Mclaren Carlos Sainz Jr.
88%
Renault Daniel Ricciardo
88%
Haas Kevin Magnussen
88%
Toro Rosso Alexander Albon
87%
Renault Nico Hülkenberg
87%
Racing Point Lance Stroll
84%
Haas Romain Grosjean
82%
Williams George Russell
76%
Alfa Romeo Kimi Räikkönen
76%
Alfa Romeo Antonio Giovinazzi
71%
Williams Robert Kubica
64%
Toro Rosso Daniil Kvyat
62%
Keine übereinstimmenden Quizze gefunden
Verteilung der Resultate
Anzahl Personen mit jedem Resultat
Perzentil nach korrekt beantworteten Fragen
Ihre Resultats-Entwicklung
Sie haben dieses Quiz noch nicht gespielt